000 00734nam a2200229 i 4500
001 C2-0233081
003 PPAK
005 20180728090236.0
008 010328s1995 bx a|||| ||||| | may d
040 _aPPAK
_beng
_cPPAK
_erda
082 0 4 _a297.55
_223
090 0 0 _a297.55
_bAWA
_dKSI
100 0 _aAwang Abdul Aziz b. Juned,
_eauthor
245 1 0 _aAl-Mu'min menjadi tetamu Allah :
_bkali keempat dan kelima
264 1 _aBrunei Darussalam :
_bKementerian Kebudayaan Belia dan Sukan ,
_c1995
300 _a149 pages :
_bcolour illustrations ;
_c26 cm
336 _2rdacontent
_atext
337 _2rdamedia
_aunmediated
338 _2rdacarrier
_avolume
650 1 0 _aMuslim pilgrims and pilgrimages - Brunei
942 _ddc
_cB
999 _c152107
_d152107